Analýza a zhodnotenie vybraného investičného projektu realizovaného developérskou spoločnosťou diplomová práca

Salvato in:
Dettagli Bibliografici
Autore principale: Prokop, František
Ente Autore: Fakulta podnikového manažmentu EU. Katedra podnikovohospodárska
Altri autori: Uhliar, Miroslav, 1981-
Natura: Libro
Lingua:slovacco
Pubblicazione: Bratislava 2018
Tags: Aggiungi Tag
Nessun Tag, puoi essere il primo ad aggiungerne!!

MARC

LEADER 00000nbm a2200000 4500
001 0244928
005 20181004112101.1
041 0 |a slo 
044 |a SK 
245 1 0 |a Analýza a zhodnotenie vybraného investičného projektu realizovaného developérskou spoločnosťou  |b diplomová práca  |c František Prokop ; školiteľ: Miroslav Uhliar 
264 1 |a Bratislava  |c 2018 
300 |a 84 s. 
100 1 |a Prokop, František 
700 1 |a Uhliar, Miroslav, 1981- 
710 2 |a Fakulta podnikového manažmentu EU. Katedra podnikovohospodárska